Due to circumstances beyond our control...
Guardado en:
| Autor principal: | |
|---|---|
| Formato: | Libro |
| Lenguaje: | Undetermined |
| Publicado: |
New York
Random House
1967
|
| Materias: | |
| Etiquetas: |
Agregar Etiqueta
Sin Etiquetas, Sea el primero en etiquetar este registro!
|
| Thư viện lưu trữ: | Trung tâm Học liệu Trường Đại học Cần Thơ |
|---|
| LEADER | 00529nam a2200193Ia 4500 | ||
|---|---|---|---|
| 001 | CTU_89877 | ||
| 008 | 210402s9999 xx 000 0 und d | ||
| 082 | |a 791.45 | ||
| 082 | |b F899 | ||
| 100 | |a Friendly, Fred W. | ||
| 245 | 0 | |a Due to circumstances beyond our control... | |
| 245 | 0 | |c Fred W. Friendly | |
| 260 | |a New York | ||
| 260 | |b Random House | ||
| 260 | |c 1967 | ||
| 650 | |a Television broadcasting of news | ||
| 650 | |z United States | ||
| 904 | |i Năm | ||
| 980 | |a Trung tâm Học liệu Trường Đại học Cần Thơ | ||